| 000 | 00394nam a22001457a 4500 | ||
|---|---|---|---|
| 003 | OSt | ||
| 005 | 20160727222400.0 | ||
| 008 | 160623b xxu||||| |||| 00| 0 eng d | ||
| 040 | _cTest | ||
| 100 |
_9653 _aStrong, C. S |
||
| 245 | _aWe Were there with Byrd at the south pole | ||
| 260 |
_aN.V Grosset Dunlap chicago _c1956 |
||
| 300 | _aWe Were there with Byrd at the south pole | ||
| 942 |
_2ddc _cBK |
||
| 999 |
_c532 _d532 |
||